| 000 | 04192cam a2200481 i 4500 | ||
|---|---|---|---|
| 001 | 21874620 | ||
| 003 | ARRUPE | ||
| 005 | 20221125093940.0 | ||
| 008 | 210121t20212021mauab 001 0 eng d | ||
| 010 | _a 2021931084 | ||
| 015 |
_aGBC1A9150 _2bnb |
||
| 016 | 7 |
_a020256285 _2Uk |
|
| 020 |
_a9780262542869 _q(paperback) |
||
| 020 |
_a0262542862 _q(paperback) |
||
| 028 | _bArrupe | ||
| 035 | _a(OCoLC)on1229028504 | ||
| 040 |
_aYDX _beng _cYDX _erda _dBDX _dUKMGB _dOCLCO _dOCLCF _dORX _dWC$ _dYDX _dUOK _dIXA _dERASA _dTOH _dCLE _dPAU _dOLC _dIBI _dOCL _dOCLCO _dYEQ _dHQC _dDLC |
||
| 042 | _alccopycat | ||
| 050 | 0 | 0 |
_aQB981 _b.C6275 2021 |
| 082 | 0 | 4 |
_a523.1 _223 |
| 100 | 1 |
_aClegg, Brian, _eauthor. _951898 |
|
| 245 | 1 | 0 |
_aTen patterns that explain the universe / _cBrian Clegg. |
| 300 |
_a224 pages : _billustrations (some color), color maps ; _c24 cm |
||
| 500 | _aIncludes index. | ||
| 505 | 0 | 0 |
_g1. _tThe Cosmic Microwave Background -- _tPatterns of radiation forming the echo of the Big Bang -- _g2. _tMinkowski Diagrams -- _tPatterns explaining the connections between space and time -- _g3. _tParticle Trail Patterns -- _tPatterns of particles revealing antimatter and the Higgs boson -- _g4. _tFeynman Diagrams -- _tDiagrammatic patterns explaining the interplay of light and matter -- _g5. _tThe Periodic Table -- _tTabular patterns indicating the configuration of atoms -- _g6. _tWeather Patterns -- _tLarge-scale patterns that underlie complex weather systems -- _g7. _tNumber Lines -- _tThe number line is a pattern that forms the basis of arithmetic and many mathematical calculations -- _g8. _tCladograms -- _tSophisticated patterns indicating the relationship between species and the pattern of evolution -- _g9. _tDNA Double Helix -- _tThe pattern of life providing the data store for constructing a living organism -- _g10. _tSymmetries -- _tPatterns revealing symmetry in nature, mathematics, and physics. |
| 520 | _a"How patterns--from diagrams of spacetime to particle trails revealed by supercolliders--offer clues to the fundamental workings of the physical world."--Amazon. | ||
| 520 | _a"Our universe might appear chaotic, but deep down it's simply a myriad of rules working independently to create patterns of action, force, and consequence. In Ten Patterns That Explain the Universe, Brian Clegg explores the phenomena that make up the very fabric of our world by examining ten essential sequenced systems. From diagrams that show the deep relationships between space and time to the quantum behaviors that rule the way that matter and light interact, Clegg shows how these patterns provide a unique view of the physical world and its fundamental workings. Guiding readers on a tour of our world and the universe beyond, Clegg describes the cosmic microwave background, sometimes called the "echo of the big bang," and how it offers clues to the universe's beginnings; the diagrams that illustrate Einstein's revelation of the intertwined nature of space and time; the particle trail patterns revealed by the Large Hadron Collider and other accelerators; and the simple-looking patterns that predict quantum behavior (and decorated Richard Feynman's van). Clegg explains how the periodic table reflects the underlying pattern of the configuration of atoms, discusses the power of the number line, demonstrates the explanatory uses of tree diagrams, and more."-- | ||
| 650 | 0 |
_aCosmology _vPopular works. _917840 |
|
| 650 | 0 |
_aSpace and time _vPopular works. _951899 |
|
| 650 | 0 |
_aQuantum cosmology _vPopular works. _951900 |
|
| 650 | 7 |
_aSCIENCE / Astronomy. _2bisacsh _951901 |
|
| 650 | 7 |
_aSpace and time. _2fast _92213 |
|
| 650 | 7 |
_aQuantum cosmology. _2fast _951902 |
|
| 650 | 7 |
_aCosmology. _2fast |
|
| 651 | 0 |
_aUniverse _vPopular works. _951903 |
|
| 651 | 7 |
_aUniverse. _2fast _951904 |
|
| 655 | 7 |
_aPopular works. _2fast _951905 |
|
| 655 | 7 |
_aPopular works. _2lcgft _951905 |
|
| 655 | 7 |
_aInstructional and educational works. _2lcgft _951906 |
|
| 906 |
_a7 _bcbc _ccopycat _d2 _encip _f20 _gy-gencatlg |
||
| 942 |
_2lcc _cMONOGRAPH |
||
| 999 |
_c131556 _d131556 |
||